000 00729nam a2200289Ia 4500
005 20260324130024.0
008 008 260324s9999 xx 000 0 eng d
020 _a9781315245751
037 _aEBOOK
040 _aCRL
040 _beng
040 _cCRL
041 _2eng
041 _aeng
084 _qCRL
100 _aRosemary A. Arthur
_91180226
245 0 _aPseudo-Dionysius as Polemicist
245 4 _bThe Development and Purpose of the Angelic Hierarchy in Sixth Century Syria
260 _bTaylor and Francis
260 _c2008
365 _a
365 _b240
856 _uhttp://www.taylorfrancis.com/books/9781315245751
942 _cEBOOK
999 _c1775976
_d1775976